000 00585nam a2200193Ia 4500
001 19790
003 GE_BSU
008 181216s||||||||xx |||||||||||||| ||und||
040 _cGE_BSU
245 _aИнновации в образовании, №1 Январь. 2017.
245 _cГл.ред.И.В. Сыромятников
260 _aМосква
260 _c2017
300 _a135стр. 25см.
653 _aИнновации в образовании, №1 Январь. 2017.
653 _aПериодика
653 _aპერიოდიკა
942 _cCR
999 _c52762
_d52762